000 00639nam a2200205Ia 4500
003 GCL
008 140319s9999 xx 000 0 ara d
040 _aGCL /
_cGCL
082 0 4 _a157.94
_bا ض
100 1 _aواء لاث ج
245 1 0 _aالضغط بالاصابع العلاج اليابانى شياتزو /
_cواء لاث ج
700 1 _aاروين، يوكيكو
700 1 _aوادجنفورد , جميس
300 _a252 ص
490 _aالثقافة النفسية
_v0
650 0 4 _aالعلاج النفسى
650 0 4 _aالعلاج الطبيعى
650 0 4 _aالعلاج اليابانى
942 _2ddc
_cBK
999 _c45438
_d45438